Brazil Anthem Lyrics - Statistics

General Stats
  • This quiz has been taken 18 times
  • The average score is 10 of 21
Answer Stats
Letra % Correct
Ouviram do Ipiranga as margens plácidas
100%
De um povo heroico o brado retumbante,
64%
E o sol da liberdade, em raios fúlgidos,
64%
Salve! Salve!
64%
Brilhou no céu da pátria nesse instante.
55%
Ó Pátria amada, Idolatrada,
55%
Se o penhor dessa igualdade
55%
Conseguimos conquistar com braço forte,
45%
De amor e de esperança à terra desce,
45%
Dos filhos deste solo és mãe gentil,
45%
Pátria amada, Brasil!
45%
A imagem do Cruzeiro resplandece.
36%
Brasil, um sonho intenso, um raio vívido
36%
Desafia o nosso peito a própria morte!
36%
Em teu seio, ó liberdade,
36%
E o teu futuro espelha essa grandeza.
36%
És belo, és forte, impávido colosso,
36%
És tu, Brasil, Ó Pátria amada!
36%
Gigante pela própria natureza,
36%
Se em teu formoso céu, risonho e límpido,
36%
Terra adorada, Entre outras mil,
36%
No matching quizzes found
Score Distribution
Percent of People with Each Score
Percentile by Number Answered
Your Score History
You have not taken this quiz